000 00317nam a22001337a 4500
008 170202b xxu||||| |||| 00| 0 eng d
020 _a9789951585101
041 _aeng
080 _a61
100 _a3
101 _aSHM
245 _aTRANSITION IN HALTH AND HEALTH CARE IN KOSOVO
_cARENLIU FATIME
942 _2udc
_cBK
999 _c4277
_d4277